000 02151nam a22003857a 4500
999 _c63371
_d63371
005 20240530110637.0
008 170925b ua ao f 000 0 ara d
017 _bمصر. دار الكتب
040 _aEG-CaGPL
_cEG-CaGPL
082 0 4 _221
_a355.033062
_bق/و ج
110 1 _aوزارة الدفاع
245 1 0 _aمعارك الجيش المصرى فى العصر الحديث /
_cوزارة الدفاع .
250 _aط.1
260 _aالقاهرة :
_bوزارة الدفاع
300 _a10 ج :
_bصور لو ؛
_c20 سم .
505 0 0 _aالجزء الاول : معركة رشيد حروب شبه الجزيرة العربية -- الجزء الثانى : حرب جزراليونان الحروب المصرية التركية -- الجزء الثالث : معركة عكا -- الجزء الرابع معركة بيلان -- الجزء الخامس معركة قونية -- الجزء السادس : معركة نزيت -- الجزء السابع الحروب الروسية حرب القرم حروب المكسيك حرب الصرب -- الجزء الثامن حرب الاسكندرية و الثورة العرابية -- الجزء التاسع : الحرب العالمية الاولى -- الجزء العاشر الحرب العالمية الثانية .
650 0 7 _2qrmak
_aالجيش المصرى القديم .
650 0 7 _2qrmak
_aالحرب العالمية الثانية .
650 0 7 _2qrmak
_aالحرب العالمية الاولى
650 0 7 _2qrmak
_aحرب الاسكندرية
650 0 7 _2qrmak
_aمعركة رشيد
650 0 7 _2qrmak
_aحرب جزر اليونان
650 0 7 _2qrmak
_aمعركة عكا
650 0 7 _2qrmak
_aمعركة بيلان
650 0 7 _2qrmak
_aمعركة قونية .
650 0 7 _2qrmak
_aمعركة نزيت
650 0 7 _2qrmak
_aحرب الصرب
650 0 7 _2qrmak
_aحروب المكسيك
650 0 7 _2qrmak
_aحرب القرم
650 0 7 _2qrmak
_aمعركة انطاكية .
650 0 7 _2qrmak
_aمعركة عين جالوت .
651 0 7 _2qrmak
_aمصر القديمة
_xمعارك .
942 _2ddc
_cBK